000 00695cab a2200241 4500
001 ABS58295
008 090401t1998 xxu||||| |||| 00| 0 eng d
035 _a(Sirsi) u84237
041 _aeng
245 _aClean-up acts
260 _c1998
350 _a0
490 _aEstates Gazette
_v(9806) 7 February 1998, 139-140(2)
520 _aA `Mainly for Students` article looking at UK and EU legislation on pollution. Case law.
650 _aENVIRONMENTAL PROTECTION ACT 1990
650 _aEUROPEAN UNION
650 _aLEGISLATION
650 _aLOCAL GOVERNMENT ACT 1972
650 _aPOLLUTION
690 _aENVIRONMENTAL AND LAND CONSULTANCY
942 _n0
948 _c13/02/1998
999 _c52931
_d52931